| Tag |
First Indicator |
Second Indicator |
Subfields |
| LEADER |
00000cam a2200000 i 4500 |
| 001 |
in00000079480 |
| 005 |
20151008052852.0 |
| 008 |
780828r19771859kyu b 00000 eng d |
| 035 |
|
|
|a (OCoLC)04171287
|
| 035 |
|
|
|9 AAH5251AM
|
| 040 |
|
|
|a DLC
|c RRR
|d RRR
|d TXA
|d UtOrBLW
|
| 043 |
|
|
|a n-us-in
|
| 049 |
|
|
|a TXAI
|
| 099 |
|
|
|a fiche
|a C
|a 2065
|
| 100 |
1 |
|
|a Mott, M. H.
|
| 245 |
1 |
0 |
|a History of the Regulators of northern Indiana /
|c published by order of the Central Committee.
|
| 264 |
|
1 |
|a Indianapolis :
|b Indianapolis Journal Company, printers,
|c 1859.
|
| 300 |
|
|
|a 67 pages ;
|c 23 cm.
|
| 336 |
|
|
|a text
|b txt
|2 rdacontent
|
| 337 |
|
|
|a microform
|b h
|2 rdamedia
|
| 338 |
|
|
|a microfiche
|b he
|2 rdacarrier
|
| 500 |
|
|
|a Published anonymously.
|
| 500 |
|
|
|a An account of the work of vigilance committees known as Regulators, formed to operate against horse thieves, counterfeiters and other criminals.
|
| 500 |
|
|
|a Microfiche. Louisville, Ky. : Lost Cause Press, 1977. -- 2 sheets ; 10.5 x 14.8 cm. -- (Sabin, Joseph, 1821-1881. [Bibliotheca Americana] Selected Americana. [Microfiche edition]) -- (Fiche book).
|
| 500 |
|
|
|a "Copied from the original in the Library of Congress."
|
| 500 |
|
|
|a Microform.
|
| 650 |
|
0 |
|a Vigilance committees
|z Indiana.
|
| 651 |
|
0 |
|a Noble County (Ind.)
|x History.
|
| 999 |
|
|
|a MARS
|
| 999 |
f |
f |
|s baf3fab8-1d50-33d4-9929-3e13390a1a71
|i 6e597c67-02bf-3402-9fd4-1bd4a8120b9c
|t 0
|
| 952 |
f |
f |
|p normal
|a Texas A&M University
|b College Station
|c Sterling C. Evans Library
|d Evans: Microforms (3rd floor)
|t 0
|e fiche C 2065
|h Other scheme
|i microform -- microfiche
|m A14820792577
|
| 998 |
f |
f |
|a fiche C 2065
|t 0
|l Evans: Microforms (3rd floor)
|